| 000 | 02513nam a2200337Ia 4500 | ||
|---|---|---|---|
| 999 |
_c55592 _d55592 |
||
| 001 | 22687 | ||
| 003 | GE_BSU | ||
| 005 | 20230412171517.0 | ||
| 008 | 181216s ||||ge |||||||||||||| || || | ||
| 010 | _aISSN 1987-5576 ISBN 9789941277184 | ||
| 040 | _cGE_BSU | ||
| 041 | _ageo | ||
| 080 | _a342.511(479.22)+929(479.22) ს-32 | ||
| 245 |
_aსაქართველოს სახელმწიფოს ხელმძღვანელები ტ. 15 : _bნოე ჟორდანია : პოლიტიკური ემიგრაცია / _cიდეის ავტორი : ემზარ ჯგერენაია, დორის ფოგლი ; მთ.რედ. : შტეპჰმენ ჯონსი ; შემდგენ. : ლილი საყვარელიძე, ეთერ შუბითიძე.. |
||
| 264 |
_aთბილისი : _bსაქრთველოს პარლამენტის ეროვნული ბიბლიოთეკა, _c2018. |
||
| 300 |
_a725 გვ. ; _c21სამ. |
||
| 490 |
_aსაქართველოს სახელმწიფოს ხელმძღვანელები _v15 |
||
| 500 | _aეძღვნებასაქართველოს დემოკრატიული რესპუბლიკის 100 წლისთავს | ||
| 501 | _aპირთა საძიებელი : გვ. 703-710 | ||
| 501 | _aგეოგრაფიული საძ. : გვ.711-715 | ||
| 520 | _aეძღვნებასაქართველოს დემოკრატიული რესპუბლიკის 100 წლისთავს. | ||
| 541 | _h10ლ. | ||
| 653 | _aბიოგრაფიული და მონათესავე გამოკვლევები | ||
| 653 | _aნოე ჟორდანია:პოლიტიკური ემიგრაცია | ||
| 653 | _aსაქართველოს სახელმწიფოს ხელმძღვანელები ტ. 14 | ||
| 653 | _aსახელმწიფო (საჯარო სამართალი) | ||
| 700 |
_aჯონსი, შტეპჰმენ _eმთ.რედაქტორი _917635 |
||
| 700 |
_aსაყვარელიძე, ლილი _eშემდგენელი _917636 |
||
| 700 |
_aშუბითიძე, ეთერ _eშემდგენელი _917637 |
||
| 942 |
_cBK _2udc |
||